| Поле | Инд. | ПП | Название | Значение |
|---|---|---|---|---|
| Тип записи | a | |||
| Библиографический уровень | b | |||
| 001 | Контрольный номер | RU/IS/BASE/264554046 | ||
| 005 | Дата корректировки | 20200529173546.1 | ||
| 008 | Кодируемые данные | 19970617 | ||
| 084 | a | Индекс другой классификации/Индекс ББК | 85.335.423(2) | |
| 097 | 00 | a | 750 | |
| 100 | 10 | a | Автор | Лифарь С. М. |
| q | Полное имя | Лифарь Сергей Михайлович | ||
| 245 | 10 | a | Заглавие | Мои первые шаги в "Русском балете" Дягилева |
| b | Продолж. заглавия | [В сокращ. из журн. "Русские записки", под ред. П.Н. Милюкова, N 4, 5; 1938 (Париж)] | ||
| 600 | 14 | a | Персоналии | Дягилев Сергей Павлович |
| a | Персоналии | Лифарь Сергей Михайлович | ||
| 650 | 04 | a | Основная рубрика | балетный театр |
| a | Основная рубрика | искусство | ||
| a | Основная рубрика | история театра | ||
| a | Основная рубрика | театр | ||
| 653 | 00 | a | Ключевые слова | XX век |
| a | Ключевые слова | Россия | ||
| a | Ключевые слова | Русские балеты Дягилева | ||
| a | Ключевые слова | Русские сезоны | ||
| 773 | 00 | t | Заглавие источника | Памятники Отечества |
| d | Дата издания источника | 1995 | ||
| g | Прочая информация | № 34 (3 - 4). - С. 166 - 173 : ил. | ||
| w | Контрольный № источника | RU/IS/BASE/142436424 | ||
| 901 | t | Тип документа | b |